GU Natur-führer Heil pflanzen (Registro nro. 20662)

Detalles MARC
000 -CABECERA
Campo de control 00586nam a22001937a 4500
005 - FECHA Y HORA DE LA ULTIMA TRANSACCION
Campo de control 20191227072839.0
008 - ELEMENTOS DE LONGITUD FIJA—INFORMACION GENERAL
Campo de control 191227b xxu||||| |||| 00| 0 spa d
020 ## - ISBN
ISBN 3774242356
040 ## - FUENTE DE CATALOGACIÓN
Agencia catalogadora original CO-BoIAVH
Agencia transcriptora CO-BoIAVH
041 ## - IDIOMA
Código de idioma para texto/pista de sonido o título separado Alemán
044 ## - PAÍS DE PUBLICACIÓN
País de publicación Alemania
082 ## - NUMERO DE CLASIFICACION DECIMAL DEWEY
Número de clasificación 581.634
Número del ítem P75g
100 ## - ASIENTO PRINCIPAL--NOMBRE PERSONAL
9 (RLIN) 102146
Nombre personal Podlech, Dieter
245 ## - MENCION DE TITULO
Título GU Natur-führer Heil pflanzen
Mención de responsabilidad Dieter Podlech
260 ## - PUBLICACION, DISTRIBUCION, ETC. (PIE DE IMPRENTA)
Lugar de publicación, distribución, etc. München,
Nombre del editor, distribuidor, etc. Gräfe und Unzer,
Fecha de publicación, distribución, etc. 1987
300 ## - DESCRIPCION FISICA
Extensión 254 páginas
Otros detalles físicos Fotografías e ilustraciones a color
Dimensiones 17.9 x 10.1 cm
650 #0 - ASIENTO SECUNDARIO DE MATERIA - TERMINO TEMATICO
9 (RLIN) 1783
Término temático o nombre geográfico como elemento de entrada Plantas medicinales
Subdivisión geográfica Europa
942 ## - ELEMENTOS ADICIONALES (KOHA)
Sistema de clasificación Dewey Decimal Classification
Tipo de ítem Libro
Existencias
Withdrawn status Lost status Sistema de Clasificación Damaged status No para préstamo Colección Ubicación Permanente Ubicación actual Fecha de adquisición Total Checkouts Número topográfico Inventario / Código de Barras Date last seen Ejemplar Price effective from Forma de adquisición Tipo de material
    Dewey Decimal Classification     General Bogotá Bogotá 27/12/2019   LB-581.634 P75g 043915 27/12/2019 Ej. 1 27/12/2019 Donación Libro